The Man, The Leader MSD (Record no. 12717)

MARC details
000 -LEADER
fixed length control field 00254nam a22000977a 4500
008 - FIXED-LENGTH DATA ELEMENTS--GENERAL INFORMATION
fixed length control field 241128b |||||||| |||| 00| 0 eng d
020 ## - INTERNATIONAL STANDARD BOOK NUMBER
International Standard Book Number 9788129135810
100 ## - MAIN ENTRY--PERSONAL NAME
Personal name Ghosh Biswadeep
9 (RLIN) 7816
245 ## - TITLE STATEMENT
Title The Man, The Leader MSD
260 ## - PUBLICATION, DISTRIBUTION, ETC. (IMPRINT)
Place of publication, distribution, etc. New Delhi
Name of publisher, distributor, etc. Rupa
Date of publication, distribution, etc. 2023
Holdings
Withdrawn status Lost status Source of classification or shelving scheme Damaged status Koha normalized classification for sorting Not for loan Home library Current library Shelving location Date acquired Total Checkouts Total Renewals Full call number Barcode Date last seen Date last checked out Price effective from Koha item type
    Dewey Decimal Classification   GHO_920_000000000000000   Good Samaritan School Library Good Samaritan School Library FICTION 11/28/2024 1 1 GHO920 GHO17834 08/11/2025 07/24/2025 11/28/2024 BOOK

Powered by Koha